000 00272nam a22001097a 4500
008 170126b xxu||||| |||| 00| 0 eng d
020 _a0070072728
041 _aeng
080 _215TH
_a61
245 _aHARRISON'S PRINCIPLES OF INTERNAL MEDICINE
_cBRAUNWALD
942 _2udc
_cBK
999 _c3783
_d3783